00573nam a2200133Ia 4500003000900000005001700009008004100026040002800067110006300095245011300158260009600271300004500367650002700412DO-SdBJH20180418012540.0180414s9999 dr 000 0 spa d aDO-SdBJHbspacDO-SdBJH aEscuela de comando y estado mayor del Ejército de EE.UU.10aFB 030 Principios de las operaciones tácticas / Instituto de Cooperación para la Seguridad Hemisférica aFort Leavenworth, Kansas : Escuela de comando y estado mayor del Ejército de EE.UU., 1994 aiv, 521 páginas en varias paginaciones 4aOperaciones tácticas